| 000 | 00465nam a2200193Ia 4500 | ||
|---|---|---|---|
| 001 | 12769 | ||
| 003 | GE_BSU | ||
| 008 | 181216s||||||||xx |||||||||||||| ||und|| | ||
| 040 | _cGE_BSU | ||
| 080 | _a821.111.1 | ||
| 100 | _aCohen,J.M. | ||
| 245 | 4 | _aThe Penguin Book of Comic and Curious Verse. | |
| 260 | _aLondon. | ||
| 260 | _bPenguin Books. | ||
| 260 | _c1954 | ||
| 300 | _a315p.18cm. | ||
| 653 | _aThe Penguin Book of Comic and Curious Verse. | ||
| 942 | _cBK | ||
| 999 |
_c45940 _d45940 |
||